Arab Studies Journal

Bibliographic Details
Format: Unknown
Language:English
Published: Washington DC : Georgetown University, Center for Contemporary Arab Studies, 1993-
Subjects:
Online Access:http://www.vlex.com/source/7154

MARC

LEADER 00000 a2200000 4500
005 20130312180721.0
007 cr|||| ||||
008 130312c19939999xxu u|p s|||| 0|||a1eng d
022 |a 10834753  
035 |a 7154 
040 |a vLex 
090 |c 3906  |d 3906 
245 0 0 |a Arab Studies Journal  |h [Recurso electrn̤ico]  
256 |a Servicio en ln̕ea 
260 |a Washington DC :  |b Georgetown University, Center for Contemporary Arab Studies,  |c 1993- 
300 |a 1 Recurso electrn̤ico 
506 |d vLex Global  |d vLex Global (Academic Edition, excluding Law Schools)  |d vLex Global (U.S. Academic Edition, Law Schools)  |d vLex Global (U.S. Academic Edition, excluding Law Schools)  |d vLex Global (Academic Edition, Law Schools) 
650 0 4 |a Ciencias polt̕icas  |v Revistas 
650 0 4 |a Islam  |v Revistas 
740 |a vLex Revistas (Servicio en ln̕ea) 
856 |a Acceso restringido  |u http://www.vlex.com/source/7154 
942 |c REV 
999 0 |a Political science